000
00345nam a2200133Ia 4500
008
230411s9999 xx 000 0 und d
041
_a
eng
082
_a
S/617.917/JAY/B03579
100
_a
Jayalakshmi T S
_9
177803
245
_a
Operation Room Assistant Manual
260
_b
Peepee
_a
Delhi
_c
2006
300
_a
112p
999
_c
154434
_d
154434